NBA Players Colleges (Clay Hard) - Statistics

General Stats
  • This quiz has been taken 166 times
  • The average score is 14 of 22
Answer Stats
Player Conference Answer % Correct
Devin Booker SEC Kentucky
97%
Drew Timme WCC Gonzaga
88%
Tyrese Haliburton BIg 12 Iowa State
88%
Blake Griffin SEC Oklahoma
87%
Christian Braun Big 12 Kansas
86%
Damian Lillard Big Sky Weber State
82%
Miles Bridges Big Ten Michigan State
77%
Davion Mitchell Big 12 Baylor
76%
Aaron Gordon Big 12 Arizona
71%
Paul George WAC Fresno State
71%
Moses Moody SEC Arkansas
66%
​Gary Payton II Pac 12 Oregon State
64%
Shaun Livingston ACC Duke
61%
Tari Eason SEC LSU
61%
Pascal Siakam WAC New Mexico State
59%
DeAndre Jordan SEC Texas A&M
58%
Brandin Podziemski WCC Santa Clara
56%
KJ Simpson Big 12 Colorado
42%
​J.R. Smith ACC UNC
42%
Terence Davis SEC Ole Miss
39%
Bones Hyland A10 VCU
39%
Santi Aldama Patriot League Loyola
27%
No matching quizzes found
Score Distribution
Percent of People with Each Score
Percentile by Number Answered
Your Score History
You have not taken this quiz